Most expensive football transfers - 2015-2016 Season - Statistics

General Stats
  • This quiz has been taken 30 times
  • The average score is 8 of 11
Answer Stats
Fee (M €) Nationality Left Joined Player % Correct
76,00 Belgium VfL Wolfsburg Manchester City Kevin De Bruyne
100%
63,70 England Liverpool Manchester City Raheem Sterling
93%
63,00 Argentina Manchester United Paris SG Ángel Di María
89%
60,00 France Monaco Manchester United Anthony Martial
82%
41,00 Brazil TSH Hoffenheim Liverpool Roberto Firmino
82%
41,00 Argentina US Palermo Juventus Paulo Dybala
79%
46,50 Belgium Aston Villa Liverpool Christian Benteke
75%
44,50 Argentina Valencia Manchester City Nicolás Otamendi
50%
42,00 Colombia Atlético Madrid GZ Evergrande Jackson Martínez
43%
43,00 Germany FC Schalke 04 VfL Wolfsburg Julian Draxler
43%
50,00 Brazil Shakhtar D. JS Suning Alex Teixeira
21%
No matching quizzes found
Score Distribution
Percent of People with Each Score
Percentile by Number Answered
Your Score History
You have not taken this quiz